00833nas a2200229Ia 4500001001100000003000900011008004100020040001300061040001300074041001300087100004400100210004200144222004200186245008800228250001100316260004000327501008600367300001700453362005600470500003400526650004300560R144/C1065IT-RoPAU151124c99999999xx |||||||||||| ||und|| aIT-RoPAU cIT-RoPAU aFRANCESE aPomian JoannagCodice Aut. SPICS: 34455 aQUADERNI-LA REVUE DE LA COMMUNICATION aQuaderni-La Revue De La Communication aQUADERNI, N.019 (1993) - ENJEUX EUROPEENS DE LA COMMUNICATIONbFictions Machiniques a1a ed. aCOLOMBES (FRANCIA)bAZ PRESSEc1993 bPaulus - SPICS - Società San Paolo EM (non-commercial uses only)cCopyright2015 a5 p. [31-35] aN.019 (1993) - ENJEUX EUROPEENS DE LA COMMUNICATION aTecnica: Fiction Macchinarie. aCOMUNICAZIONEvPUBBLICAZIONE PERIODICA